书目信息 |
| 题名: |
工艺美术 下
|
|
| 作者: | 邢春如 , 李穆南 , 刘心莲 主编 | |
| 分册: | ||
| 出版信息: | 沈阳 辽海出版社 2007.09 |
|
| 页数: | 101-196页 | |
| 开本: | 21cm | |
| 丛书名: | ||
| 单 册: | ||
| 中图分类: | J509.22 | |
| 科图分类: | ||
| 主题词: | 工艺美术史--中国--古代--通俗读物 , 工艺美术史 | |
| 电子资源: | ||
| ISBN: | 978-7-80711-991-3 | |
| 000 | 01008nam0 2200289 450 | |
| 001 | 003696856 | |
| 005 | 20110522203004.20 | |
| 010 | @a978-7-80711-991-3@dCNY 18.50 | |
| 100 | @a20080102d2007 em y0chiy50 ea | |
| 101 | 0 | @achi |
| 102 | @aCN@b210000 | |
| 105 | @aa z 000yy | |
| 200 | 1 | @a工艺美术 下@Agong yi mei shu xia@b专著@f邢春如,刘心莲,李穆南主编@9gong yi mei shu |
| 210 | @a沈阳@c辽海出版社@d2007.09 | |
| 215 | @a101-196页@c图@d21cm | |
| 300 | @a中国文化知识大观园 文学艺术卷 | |
| 330 | @a本套书叙述了中国从史前到现在的国土开辟、民族形成、社会进化、经济文化发展、政治演变的不平凡历程。本书为文学艺术卷之一,内容从原始社会讲到明清的工艺美术。 | |
| 606 | 0 | @a工艺美术史@y中国@z古代@j通俗读物 |
| 606 | 0 | @a工艺美术史 |
| 690 | @aJ509.22@v5 | |
| 701 | 0 | @a邢春如@4主编@9xing chun ru |
| 701 | 0 | @a李穆南@4主编@9li mu nan |
| 701 | 0 | @a刘心莲@c(文学博士)@4主编@9liu xin lian |
| 801 | 0 | @c20110522 |
| 905 | @aBZT@dJ509.22@e1-2 | |
| 906 | @dCNY666.00(全36册@n0@r1 | |
| SYS | @003696856 | |
| 工艺美术 下/邢春如,刘心莲,李穆南主编.-沈阳:辽海出版社,2007.09 |
| 101-196页:图;21cm |
| 中国文化知识大观园 文学艺术卷 |
| ISBN 978-7-80711-991-3:CNY 18.50 |
| 本套书叙述了中国从史前到现在的国土开辟、民族形成、社会进化、经济文化发展、政治演变的不平凡历程。本书为文学艺术卷之一,内容从原始社会讲到明清的工艺美术。 |
| ● |
| 相关链接 |
|
|
|
正题名:工艺美术 下
索取号:J509.22/1-2
 
预约/预借
| 序号 | 登录号 | 条形码 | 馆藏地/架位号 | 状态 | 备注 |
| 1 | 779647 | 2000779647 | 中心书库中库/ 中库016架A面5列5层44/ [索取号:J509.22/1-2] | 在馆 | |
| 2 | 779648 | 2000779648 | 中心书库中库/ 中库016架A面5列5层45/ [索取号:J509.22/1-2] | 在馆 | |
| 3 | 779649 | 2000779649 | 中心书库中库/ 中库016架A面5列5层24/ [索取号:J509.22/1-2] | 在馆 | |
| 4 | 779650 | 2000779650 | 中心书库中库/ 中库016架A面5列5层32/ [索取号:J509.22/1-2] | 在馆 | |
| 5 | 779651 | 2000779651 | 中心书库中库/ 中库016架A面5列5层46/ [索取号:J509.22/1-2] | 在馆 | |
| 6 | 779652 | 2000779652 | 中心书库中库/ 中库016架A面5列5层40/ [索取号:J509.22/1-2] | 在馆 |